000 00487 a2200181 4500
003 OSt
005 20231013100318.0
008 160518b xxu||||| |||| 00| 0 eng d
020 _a0
040 _c0
082 _a909
_bSPE
100 _aHelmut Werner
_96589
245 _aThe Decline of the West/
_cHelmut Werner,
260 _aIslamabad:
_bNational Book Foundation ;
_c1917.
300 _a414 p.
_bHB
440 _aThe Decline of the West
_9118504
942 _aNBS
_cBK
_k909 SPE
_2ddc
999 _c343411
_d343411